000
00217nam a2200097Ia 4500
008
230508s1998 xx 000 0 und d
041
_a
eng
100
_a
GULATI R R
245
_a
MONOCHROM AND COLOR TV
260
_c
1998
999
_c
334755
_d
334755